000 00543nam a2200193Ia 4500
005 20250508162001.0
008 008 250505s9999 xx 000 0 eng d
037 _aTextBook
040 _aFEDL
_beng
_cFEDL
041 _aeng
_2eng
084 _a370.15, CHI
_qFEDL
100 _aChild Dennis
_9771950
245 0 _aPsychology and the teacher
260 _aLondon, UK
_bHolt, Rinehar and Winston
_c1976
300 _a339p.
650 _aEdcuation-Psychology
_9756182
942 _cTB
_h370.15, CHI
999 _c1373653
_d1373653